1629 1363 1223 1433 1707 1461 1157 1921 1908 1640 1790 1861 1798 1928 1085 1737 1999 1871 1653 1903 1316 1181 1606 1127 1180 1038 1845 1974 1956 1648 1561 1755 1485 1783 1930 1498 1047 1718 1781 1167 1612 1932 1104 1099 1806 1100 1133 1927 1482 1756 1393 1656 1934 1094 1219 1675 1467 1288 1511 1631 1135 1683 1588 1886 1318 1480 1896 1151 1510 1543 1507 1561 1824 1545 1236 1652 1908 1640 1945 1564 1167 1974 1179 1892 1370 1418 1652 1850 1828 1811 1570 1436 1798 1972 1602 1005 1580 1833 1102 BCNSPRNW ULIB Ver.6.0+V

เปลี่ยนเป็นภาษาไทย

Change to English
 แสดงรายละเอียดบรรณานุกรม
  กลับหน้าหลัก

Brief Record : Get Marc (ISO 2709) : E-mail record : QR code < ปิดหน้าต่าง
LEADER : 00000nam 2200000uu 4500
001    13399114095
003     ULIB
008    120216s2554||||th 000 0 tha d
020    ^a9786165001335
090    ^aนว.^bพ961ค
100 0  ^aแพรณัฐ
245 00 ^aคุณชายรณพีร์/^cแพรณัฐ
250    ^aพิมพ์ครั้งที่ 1
260    ^aกรุงเทพฯ :^bพิมพ์คำ,^c2554
300    ^a350 หน้า
490 0  ^aนวนิยายชุด สุภาพบุรุษจุฑาเทพ
945    ^p240^l0^i18707
995    ^a เกษร
999    ^aใช้งานได้ทุกระบบ
รายการนี้ยังไม่มีแท็ก
คุณยังไม่ได้ล็อกอิน คุณสามารถมีกิจกรรมร่วมกับเว็บไซต์ได้ แต่ต้องล็อกอินก่อน ::
  ล็อกอิน

รายการสื่อสารสนเทศ

ลำดับที่ ประเภท เลขเรียก/บาร์โค้ด สถานที่ สถานะ
1. นวนิยาย
นวนิยาย
นว. พ961ค  
  Barcode: 18707
ห้องสมุดวิทยาเขตสวรรค์ประชารักษ์
►นวนิยาย
บนชั้น
  ขอยืม

รายการใกล้เคียง
    ผู้แต่ง [แพรณัฐ]

BibComment


ยังไม่เคยถูกคอมเมนท์

คอมเมนท์ทรัพยากรรายการนี้
  คอมเมนท์: คุณชายรณพีร์ แพร..


 Copyright 2026. Bcnsprnw @Library